| 000 | 00946nam a2200277 i 4500 | ||
|---|---|---|---|
| 001 | 5500 | ||
| 003 | ES-MaACL | ||
| 005 | 20230906144611.0 | ||
| 007 | t| | ||
| 008 | 881020s1987 sp ||||1| spa d | ||
| 020 | _a84-01-33338-5 | ||
| 080 | _a32(46)"1982/1986" | ||
| 100 | 1 |
_aLomana, Gloria. _973165 |
|
| 245 | 1 | 3 |
_aEl Ciclón socialista, 1982-1986 _b: primera legislatura socialista / _cGloria Lomana ; [prólogo de Francisco Bustelo]. |
| 250 | _a1a ed. | ||
| 260 |
_aEsplugues de Llobregat Barcelona : _bPlaza & Janés, _c1987. |
||
| 300 |
_a296 p., 3 h. ; _c22 cm. |
||
| 490 | 1 | _aEpoca. Política española | |
| 500 | _aIndices. | ||
| 610 | 2 |
_aPartido Socialista Obrero Español. _96155 |
|
| 651 | 4 |
_aEspaña- _xPolítica y gobierno- _y1982-1996. _98449 |
|
| 700 | 1 |
_aBustelo, Francisco, _epr. _932891 |
|
| 830 | 0 |
_aEpoca. Política española _9179911 |
|
| 852 |
_aES-MaACL _jL-12203 _bR.115204 _z. - Rust. |
||
| 999 |
_c5500 _d5500 |
||